| 000 | 00791nam a22001937a 4500 | ||
|---|---|---|---|
| 999 |
_c15838 _d15838 |
||
| 008 | 201215b ||||| |||| 00| 0 eng d | ||
| 020 | _a9712706788 | ||
| 082 |
_21997 _aDFil 341.7257309599 _bB43 |
||
| 100 |
_aBengzon, Alfredo R.A. _942675 |
||
| 245 |
_aA matter of honor: _bthe story of the 1990-91 RP-US bases talks/ _cAlfredo R.A. Bengzon, Raul Rodrigo |
||
| 260 |
_aPasig City: _bAnvil Pub., _c©1997. |
||
| 300 |
_avii, 367 pages: _billustrations; _c23 cm. |
||
| 500 | _aIncludes bibliographical references, glossary and index. | ||
| 650 |
_aMilitary bases, American- Philippines. _942676 |
||
| 650 |
_aPhilippines - Foreign relations - United States. _922188 |
||
| 650 |
_aUnited States - Foreign relations - Philippines. _922189 |
||
| 700 |
_aRodrigo, Raul _942677 |
||
| 942 |
_2ddc _cDFIL |
||